000 00341nam a22001337a 4500
008 230621b xxu||||| |||| 00| 0 eng d
020 _a0102143986
082 _a328.42
_bHOC
100 _cHouse of Commons
245 _astanding orders of the House of Commons
_bPublic Business
260 _alondon
_c1998
300 _a148p
942 _2ddc
_cBK
999 _c2317
_d2317